عبد الناصر والسياسة الخارجية الأمريكية (1952-1956) / (Record no. 8185)
[ view plain ]
| 000 -الفاتح | |
|---|---|
| حقل البيانات ثابتة الطول | 00868nac a22001691u 4500 |
| 008 - عناصر البيانات ثابتة الطول - معلومات عامة | |
| حقل البيانات ثابتة الطول | 090114s2006 xxu||||| |||| 00| 0 ara d |
| 020 ## - الرقم الدولى المعيارى للكتب | |
| الرقم الدولى المعيارى للكتاب | 9771804294 |
| 082 ## - رقم تصنيف ديوى العشرى | |
| رقم التصنيف | 327.0962073 |
| رقم المادة | ا ح م |
| 245 ## - بيان العنوان | |
| العنوان | عبد الناصر والسياسة الخارجية الأمريكية (1952-1956) / |
| بيان المسئوليه,etc | تأليف محمد عبد الوهاب سيد أحمد |
| 260 ## - PUBLICATION, DISTRIBUTION, ETC. (IMPRINT) | |
| مكان الناشر او الموزع | القاهرة : |
| اسم الناشر او الموزع | مطبعة دار الكتب والوثلئق القومية ، 2006 |
| تاريخ النشر أو التوزيع | 2006. |
| 300 ## - الوصف المادى | |
| التعداد | 294 ص ؛ |
| أبعاد الوعاء | 24 سم. |
| 490 ## - بيان السلسلة | |
| -- | 14899 |
| عنوان السلسلة | مصر النهضة |
| 504 ## - تبصرة ببليوجرافية | |
| تبصرة ببليوجرافية,الخ | يشتمل على ببليوجرافية ص229-287 |
| 651 ## - المدخل الاضافى بالموضوع - اسم جغرافى | |
| 9 (RLIN) | 21757 |
| الاسم الجغرافي | مصر |
| التقسيم الفرعي العام | العلاقات الخارجية |
| التقسيم الفرعي الزمني | 1952-1956 |
| التقسيم الفرعي الجغرافي | الولايات المتحدة الأمريكية |
| 651 ## - المدخل الاضافى بالموضوع - اسم جغرافى | |
| 9 (RLIN) | 15844 |
| الاسم الجغرافي | مصر |
| التقسيم الفرعي العام | تاريخ |
| التقسيم الفرعي الزمني | العصرالحديث |
| -- | جمال عبد الناصر 1954-1970 |
| 942 ## - عناصر المدخل الإضافي( كوها) | |
| Koha [default] item type | Book - Borrowing |
| سابقة رقم الطلب | 327.0962073 ا ح م |
| مصدر التصنيف او مخطط الترفيف | Dewey Decimal Classification |
| حالة التراجع | حالة الفقد | مصدر التصنيف او خطة الترفيف | حالة تلف | ليس للاعارة | مجموعات كوها | المكان الدائم | المكان الحالي | موقع الترفيف | تاريخ الاكتساب | Source of acquisition | رقم الاستدعاء | الباركود | Date last seen | مُعار | التكلفة | نوع الوعاء |
|---|---|---|---|---|---|---|---|---|---|---|---|---|---|---|---|---|
| Dewey Decimal Classification | Central Library | Central Library | First floor | 09/01/2011 | 327.0962073 ا ح م | 000010084 | 15/07/2025 | 17/04/2014 | 13.50 | Book - Borrowing |